00745nam a2200229Ia 4500003000400000005001700004008004000021020001500061040000700076041000800083082001300091100003200104245005800136260006000194300001700254690003000271700002800301906001100329942001200340999001900352952014400371OSt20250825162535.0210210b2004 xxu||||| |||| 00| 0 eng d a8120325869 cAL aeng a323 MONC aMahmood Monshipouri9237104 aConstructing human rights in the age of globalization aNew delhibPrentice-Hall of India Private Limitedc2004 axxxiii,353p. aRelation of State9237105 aEnglehart, Neil9237106 a066528 2ddccBK c148020d148020 00102ddc40708Human RightsaALbALd2021-02-17eBook World Mangalore-3g295.00l0o323 MONCp066528r2021-02-17 00:00:00w2021-02-17yBK